Statistics for #7 and #12 Movies - Name actors and characters

Click here to take the quiz!

General Stats

  • This quiz has been taken 13 times
  • The average score is 13 of 64

Answer Stats

Movie Role Name % Correct
Magnificent sevenActorSteve McQueen
77%
Magnificent sevenActorCharles Bronson
77%
12 angry menActorHenry Fonda
69%
12 angry menActorLee J. Cobb
62%
Magnificent sevenActorRobert Vaughn
62%
The dirty dozenActorJohn Cassavetes
62%
Magnificent sevenActorJames Coburn
54%
12 angry menActorJack Warden
54%
Magnificent sevenActorYul Brynner
54%
12 angry menActorJack Klugman
46%
12 angry menActorJohn Fiedler
46%
Magnificent sevenCharacterLee
46%
Magnificent sevenCharacterChris Adams
38%
The dirty dozenActorTelly Savalas
38%
12 angry menActorEd Begley
38%
Magnificent sevenActorHorst Buchholz
31%
Magnificent sevenCharacterVin
31%
12 angry menActorRobert Webber
31%
Magnificent sevenCharacterHarry Luck
31%
The dirty dozenActorJim Brown
31%
The dirty dozenActorTom Busby
31%
12 angry menActorGeorge Voskovec
23%
12 angry menActorEdward Binns
23%
Magnificent sevenActorBrad Dexter
23%
The dirty dozenActorDonald Sutherland
23%
The dirty dozenActorClint Walker
23%
Seven samuraiActorToshiro Mifune
23%
The dirty dozenActorAl Mancini
23%
The dirty dozenActorBen Carruthers
15%
12 angry menActorMartin Balsam
15%
The dirty dozenActorStuart Cooper
15%
Seven samuraiActorTakashi Shimura
15%
12 angry menActorJoseph Sweeney
8%
The dirty dozenCharacterFranko, V. R.
8%
The dirty dozenCharacterMaggott, A. J.
8%
Magnificent sevenCharacterChico
8%
Seven samuraiActorIsao Kimura
0%
Seven samuraiActorDaisuke Katō
0%
The dirty dozenCharacterJiminez, J. P.
0%
The dirty dozenCharacterBravos, T. R.
0%
The dirty dozenCharacterLever, R.
0%
The dirty dozenCharacterSawyer, S. K.
0%
The dirty dozenCharacterWladislaw, T.
0%
The dirty dozenCharacterPosey, S.
0%
The dirty dozenCharacterGilpin, S.
0%
The dirty dozenCharacterPinkley, V. L.
0%
The dirty dozenCharacterJefferson, R. T.
0%
The dirty dozenCharacterVladek, M.
0%
Seven samuraiActorYoshio Inaba
0%
The dirty dozenActorTrini Lopez
0%
Magnificent sevenCharacterBritt
0%
Seven samuraiActorMinoru Chiaki
0%
Seven samuraiActorSeiji Miyaguhi
0%
The dirty dozenActorColin Maitland
0%
Seven samuraiCharacterKambedi Shimada
0%
Seven samuraiCharacterKatsushirō Okamoto
0%
Seven samuraiCharacterGorōbei Katayama
0%
Seven samuraiCharacterShichirōji
0%
Seven samuraiCharacterHeihachi Hayashida
0%
Seven samuraiCharacterKyūzō
0%
Seven samuraiCharacterKikuchiyo
0%
Magnificent sevenCharacterBernardo O'Reilly
0%
12 angry menActorE. G. Marshall
0%

Score Distribution

Percentile by Number Answered

Percent of People with Each Score

Your Score History

You have not taken this quiz